Literature Quiz / Baby Names From Shakespeare

Random Literature or Shakespeare Quiz

Results

Quiz Updated Aug 20, 2012

Challenge
Share
Tweet
Embed
Score 0/117 Timer 10:00
3 Plays Today
% Correct
Juliet (285)
84.2%
Romeo (358)
79.2%
John (26)
67.6%
Henry (67)
65%
Richard (127)
58.2%
James (19)
51.4%
William (5)
50.7%
Elizabeth (12)
49.4%
Anne (608)
46.4%
Will (622)
41.6%
Katherine (70)
40.3%
Mark (161)
39.7%
George (164)
39.1%
Edward (136)
38.4%
Thomas (62)
36.4%
Julius (335)
36.2%
Peter (192)
35.8%
Michael (3)
34%
Anthony (10)
34%
Charles (63)
33.8%
Robert (54)
33.7%
Andrew (14)
32.7%
Matthew (16)
31.1%
Maria (86)
31.1%
Olivia (4)
30.7%
Harry (658)
30.5%
Kate (209)
30.1%
Adam (81)
27.9%
Julia (55)
26.4%
Margaret (182)
25.9%
Antony (956)
25.6%
Helena (534)
25.4%
Alexander (6)
25.3%
Beatrice (834)
24.8%
Aaron (55)
24.7%
Jack (44)
24.6%
Joseph (20)
24%
Christopher (13)
22.9%
Francis (669)
22.6%
% Correct
Antonio (110)
20.9%
Arthur (389)
19.8%
Alice (172)
19.5%
Jessica (92)
19.2%
Isabella (1)
19.2%
Timothy (115)
19%
Miranda (175)
18.5%
Marcus (130)
18.5%
Oliver (88)
18.4%
Philip (403)
18.2%
Bianca (280)
18%
Regan (719)
17.5%
Nicholas (38)
16.8%
Frederick (496)
16.7%
Ariel (213)
15.7%
Sebastian (68)
15.5%
Duncan (705)
15.5%
Abraham (194)
15.2%
Edgar (216)
14.2%
Gregory (268)
14.2%
Diana (191)
13.5%
King (402)
12.9%
Paris (327)
12.2%
Titus (397)
12.2%
Simon (251)
12.1%
Eleanor (165)
12.1%
Prince (522)
11.8%
Walter (352)
11.4%
Adrian (56)
11.4%
Emilia (350)
10.9%
Nathaniel (82)
10.4%
Lucy (75)
10.3%
Celia (743)
9.9%
Orlando (435)
9.6%
Malcolm (527)
9.1%
Cassandra (328)
8.9%
Toby (670)
8.4%
Princess (901)
8%
Audrey (52)
7.9%
% Correct
Leonardo (150)
7.7%
Demetrius (514)
7.3%
Dennis (391)
7.1%
Angelo (290)
7%
Owen (47)
6.9%
Adriana (129)
6.7%
Lewis (717)
6.6%
Douglas (485)
6.1%
Hugh (963)
5.8%
Gerald (678)
5.7%
Clarence (983)
5.6%
Brandon (43)
5.6%
Iris (316)
5.6%
Ross (931)
5.2%
Paulina (723)
4.9%
Pedro (281)
4.9%
Hector (226)
4.8%
Alonso (637)
4.7%
Francisco (196)
4.6%
Morgan (63)
4.5%
Morgan (518)
4.5%
Mariana (261)
4.4%
Lorenzo (322)
4.3%
Marina (640)
3.9%
Stanley (685)
3.8%
Troy (248)
3.4%
Roman (185)
3.4%
Fabian (304)
3.3%
London (108)
3.2%
Luciana (692)
3.2%
Valeria (94)
3.1%
Lennox (933)
2.8%
Justice (456)
2.4%
Lena (382)
2.3%
Emmanuel (134)
2.1%
Patience (801)
2.1%
Gunner (368)
2.1%
Porter (446)
1.8%
Milan (664)
1.7%
 
Number % Answered
117 (all)
0.3%
112-116
0.3%
107-111
0.2%
102-106
0.1%
97-101
0.1%
92-96
0.1%
87-91
0.1%
82-86
0.2%
77-81
0.3%
72-76
0.3%
67-71
0.5%
62-66
0.8%
57-61
1.1%
52-56
1.8%
47-51
2.7%
42-46
4.2%
37-41
6.3%
32-36
8%
27-31
8.5%
22-26
7.9%
17-21
8.5%
12-16
8.9%
7-11
13.3%
2-6
23.3%
1-1
2.1%

You're not logged in!

Compare scores with friends on all Sporcle quizzes.
Sign Up with Email
OR
Log In

You Might Also Like...

Show Comments

Extras


Your Account Isn't Verified!

In order to create a playlist on Sporcle, you need to verify the email address you used during registration. Go to your Sporcle Settings to finish the process.